Statistiques concernant De quoi parle cet article Wikipédia?

Cliquez ici pour prendre le quiz!

Statistiques générales

  • Ce quiz a été pris 275 fois
    (199 depuis la dernière actualisation)
  • Le résultat moyen est 12 sur 15

Statistiques - réponses

QuestionRéponse% Correct
Il existe des règles spéciales liées au déplacement de certaines pièces comme le roque, qui permet le déplacement simultané du roi et de l'une des tours.Échecs
97%
Si l'essai est validé, l'équipe marquante bénéficiera d'une transformation qui lui permettra, si elle est réussie, d'augmenter son score.Rugby
91%
Un exemple connu de cette échelle est le phénomène El Niño, qui est relié à un changement des alizés et qui revient à des intervalles variables.Météorologie
90%
Les « forces des ténèbres » sont représentées par le serpent Apophis, qui cherche chaque nuit à déstabiliser la barque solaire et à avaler le monde pour le plonger dans les ténèbres.Mythologie égyptienne
90%
Les rogue-like, ancêtres des RPG modernes, sont apparus dans les années 1980.Jeu vidéo
89%
Le haggis est traditionnellement accompagné des neeps and tatties et d'un dram.Cuisine écossaise
83%
Au sein de la cité de Westminster, le quartier de West End regroupe un grand nombre d'attractions autour de Leicester Square.Londres
81%
Le lien entre morphologie et phonétique/phonologie se reflète, entre autres, dans l’existence d’une discipline intermédiaire, la morphophonologie.Linguistique
79%
L'invention du steadycam confond les mouvements. Dès lors, on parle de travelling quand il se pratique avec un chariot spécial.Cinéma
76%
Les trois autres sont l'unione, le chiaroscuro (ou clair-obscur) et le cangiante.Peinture
74%
Les autres parties sont exclues des négociations qui aboutissent à la mise en place de deux zones d'influence, suivant les accords de Yalta et de Potsdam.Seconde Guerre mondiale
74%
Le ruissellement des sédiments peut être contré par la culture en courbes de niveau, le paillis, la rotation culturale, l'installation de zones ripariennes tampon.Hydrologie
66%
La discipline a été, dès son origine, l'objet de vives critiques venues de tous horizons, parfois par des dissidents comme Carl G. Jung, Wilhelm Reich ou Pierre Janet.Psychanalyse
65%
En effet, des gaines de myéline entourent l'axone. C'est un isolant. À ce niveau, rien n'entre, rien ne sort.Neurones
60%
Mais il est obligatoire de porter et d'utiliser un phare diffusant un rayon blanc ou jaune ainsi qu'un catadioptre lorsque le temps ou le lieu l’exige.Cyclisme
40%

Distribution des résultats

Percentile par nombre de réponses

% des personnes avec chaque résultat

Votre développement - résultats

Vous n’avez pas pris ce quiz depuis la dernière actualisation